MARC details
| 000 -LEADER |
| campo de control de longitud fija |
03130nam a2200409 i 4500 |
| 001 - NÚMERO DE CONTROL |
| campo de control |
196208 |
| 003 - IDENTIFICADOR DE NÚMERO DE CONTROL |
| campo de control |
ES-MaACL |
| 005 - FECHA Y HORA DE LA ÚLTIMA TRANSACCIÓN |
| campo de control |
20260216183928.0 |
| 008 - DATOS DE LONGITUD FIJA--INFORMACIÓN GENERAL |
| campo de control de longitud fija |
240818s2020 sp a | |||| 000 0 spa |
| 015 ## - NÚMERO DE BIBLIOGRAFÍA NACIONAL |
| Número de bibliografía nacional |
MON20 |
| 017 ## - NÚMERO DE COPYRIGHT O DE DEPÓSITO LEGAL |
| Número de copyright o de depósito legal |
CC 325-2020 |
| Agencia que asigna |
Oficina Depósito Legal Cáceres |
| 020 ## - NÚMERO INTERNACIONAL ESTÁNDAR DEL LIBRO |
| Número Internacional Estándar del Libro |
9788417132965 |
| 035 ## - NÚMERO DE CONTROL DEL SISTEMA |
| Número de control de sistema |
(SpMaBN)a6802730 |
| 035 ## - NÚMERO DE CONTROL DEL SISTEMA |
| Número de control de sistema |
991031848649708606 |
| 040 ## - FUENTE DE CATALOGACIÓN |
| Centro catalogador/agencia de origen |
SpMaBN |
| Lengua de catalogación |
spa |
| Centro/agencia transcriptor |
SpMaBN |
| Normas de descripción |
rda |
| 080 ## - NÚMERO DE LA CLASIFICACIÓN DECIMAL UNIVERSAL |
| Número de la Clasificación Decimal Universal |
728.81(460.251 Trujillo)(091) |
| 100 1# - ENTRADA PRINCIPAL--NOMBRE DE PERSONA |
| Nombre de persona |
Ramos Rubio, José Antonio, |
| Fechas asociadas al nombre |
1963- |
| Término indicativo de función/relación |
Autor |
| 9 (RLIN) |
174430 |
| 245 13 - MENCIÓN DEL TÍTULO |
| Título |
El Palacio de Luis de Chaves de Trujillo : |
| Resto del título |
símbolo de la unidad nacional / |
| Mención de responsabilidad, etc. |
José Antonio Ramos Rubio, cronista oficial de Trujillo ; incluye la leyenda El medallón de los Deseos por Florentino Escribano Ruiz. |
| 250 ## - MENCION DE EDICION |
| Mención de edición |
Primera edición: 2020 |
| 264 #1 - PRODUCCIÓN, PUBLICACIÓN, DISTRIBUCIÓN, FABRICACIÓN Y COPYRIGHT |
| Producción, publicación, distribución, fabricación y copyright |
Cáceres : |
| Nombre del de productor, editor, distribuidor, fabricante |
Tau Editores, |
| Fecha de producción, publicación, distribución, fabricación o copyright |
[2020]. |
| 300 ## - DESCRIPCIÓN FÍSICA |
| Extensión |
193 páginas |
| Otras características físicas |
ilustraciones (blanco y negro y color), planos (blanco y negro) |
| Dimensiones |
21 cm |
| 336 ## - TIPO DE CONTENIDO |
| Término de tipo de contenido |
Texto |
| Fuente |
rdacontent |
| 337 ## - TIPO DE MEDIO |
| Nombre/término del tipo de medio |
sin mediación |
| Fuente |
rdamedia |
| 338 ## - TIPO DE SOPORTE |
| Nombre/término del tipo de soporte |
volumen |
| Fuente |
rdacarrier |
| 500 ## - NOTA GENERAL |
| Nota general |
Incluye (páginas 151-192): El medallón de los deseos / por Florentino Escribano Ruiz |
| 504 ## - NOTA DE BIBLIOGRAFÍA, ETC. |
| Nota de bibliografía, etc. |
Bibliografía: páginas 119-124 |
| 520 ## - RESUMEN, ETC. |
| Sumario, etc. |
Este edificio trujillano, que marca la antesala de la Villa, es uno de los mejores ejemplos de la arquitectura civil castellana de la Baja Edad Media. Aquí estuvieron alojados los Reyes Católicos en todas las ocasiones en las que visitaron y residieron largas temporadas en Trujillo. Luis de Chaves mantenía una larga relación de amistad con Isabel la Católica, y se posicionó sin dudarlo a su favor en la guerra sucesoria contra Juana "la Beltraneja". En estas luchas, Luis de Chaves perdió a dos hijos. Su lealtad fue largamente recompensada. Además, en este palacio Isabel la Católica firmó el Tratado de Alcaçobas, que ponía fin a la guerra sucesoria y, por ende, a la guerra con Portugal.<br/><br/>Fueron muchas las honrosas distinciones otorgadas a Trujillo, Capital de Extremadura en aquel entonces, recogidas en los documentos que atesoran el rico Archivo Municipal trujillano y el Histórico Nacional de Madrid. En el año 1479, la Reina Isabel fundó en Trujillo la Santa Hermandad, para combatir el pillaje y el latrocinio, muy extendido en aquellos tiempos. Durante el reinado de los Reyes Católicos, la ciudad alcanzó su mayor esplendor, grandeza y universalidad, en una época en la que la ciudad era la capital de la provincia de Extremadura. |
| 610 #0 - PUNTO DE ACCESO ADICIONAL DE MATERIA--NOMBRE DE ENTIDAD CORPORATIVA |
| Nombre de entidad corporativa o nombre de jurisdicción como elemento de entrada |
Palacio de Luis de Chaves (Trujillo)- |
| Subdivisión de forma |
Historia |
| 9 (RLIN) |
238506 |
| 651 #0 - PUNTO DE ACCESO ADICIONAL DE MATERIA--NOMBRE GEOGRÁFICO |
| Nombre geográfico |
Trujillo (Cáceres)- |
| Subdivisión general |
Edificios, estructuras, etc.- |
| -- |
Restauración |
| 9 (RLIN) |
236454 |
| 700 ## - ENTRADA AGREGADA--NOMBRE PERSONAL |
| Nombre de persona |
Escribano Ruiz, Florentino |
| Término indicativo de función/relación |
Autor |
| 9 (RLIN) |
240286 |
| 852 ## - LOCALIZACIÓN |
| Ubicación |
ES-MaACL |
| Sublocalización o colección |
R.152992 |
| Ubicación en estantería |
Depósito J |
| Número de control de estantería |
N-9283 |
| Donativo/Legado |
Donación: José Antonio Ramos Rubio |
| Encuadernación |
Encuadernación rústica con solapas |
| itemnumber |
205324 |
| 903 ## - NOMBRE PERSONAL DE DONANTE |
| a |
Ramos Rubio, José Antonio, |
| d |
1963- |
| e |
Donante |
| 9 |
174430 |
| 942 ## - ELEMENTOS DE ENTRADA SECUNDARIOS (KOHA) |
| Tipo de ítem Koha |
Libro impreso |
| Suprimir en OPAC |
No |